000 00612nam a22001937a 4500
999 _c4182
_d4139
008 210223b ||||| |||| 00| j eng d
020 _a9754584532
041 _atur
050 _aPL248.D87
100 _91029
_aDuru, Orhan
245 _aDüşümde ve Dışımda : Öykü
_cYayına Hazırlayan : Mürşit Balabanlılar
250 _a1.Basım
260 _aİstanbul:
_bTürkiye İş Bankası Kültür Yayınları,
_cMayıs 2003
300 _a188 Sayfa
500 _aGenel Yayın : 688 Edebiyat Dizisi : 280
650 0 _9145
_aTürk Edebiyatı
700 _91642
_aBalabanlılar, Mürşit
942 _2lcc
_cBK